| Tag |
First Indicator |
Second Indicator |
Subfields |
| LEADER |
00000cam a2200000Ii 4500 |
| 001 |
in00000041590 |
| 005 |
20220104090813.0 |
| 008 |
800612s1979 txu bm 000 0 eng d |
| 035 |
|
|
|9 AAF1840AM
|
| 035 |
|
|
|a (OCoLC)06411815
|
| 035 |
|
|
|a (OCoLC)6411815
|
| 035 |
|
|
|a (OCoLC)ocm06411815
|
| 040 |
|
|
|a TXA
|b eng
|c TXA
|d OCLCQ
|d OCLCF
|d OCLCO
|d OCLCQ
|d TXA
|d UtOrBLW
|
| 043 |
|
|
|a n-us---
|
| 049 |
|
|
|a TXAM
|
| 099 |
|
|
|a 1979
|a Dissertation
|a J67
|
| 100 |
1 |
|
|a Johnson, Gary Thomas.
|
| 245 |
1 |
2 |
|a A national housing allowance program :
|b an examination of its practicality based upon existing empirical and theoretical evidence /.
|
| 264 |
|
1 |
|a [College Station, Tex.] :
|b Johnson,
|c 1979.
|
| 300 |
|
|
|a xiv, 196 pages ;
|c 29 cm
|
| 336 |
|
|
|a text
|b txt
|2 rdacontent
|
| 337 |
|
|
|a unmediated
|b n
|2 rdamedia
|
| 338 |
|
|
|a volume
|b nc
|2 rdacarrier
|
| 500 |
|
|
|a "Major subject: Urban and Regional Science."
|
| 500 |
|
|
|a Vita.
|
| 502 |
|
|
|c Texas A & M University
|
| 504 |
|
|
|a Includes bibliographical references (leaves 148-160).
|
| 520 |
3 |
|
|a The purpose of this study was to evaluate, based upon existing empirical and theoretical evidence, the general practicality of a national housing allowance program. In undertaking this evaluation, it was necessary to determine four things. Namely: 1. How recipients of housing allowance might be affected by them; 2. What type of effects a housing allowance program would have on housing markets; 3. Whether of not an allowance program could be administered effectively; and 4. Whether or not a national housing allowance program could be undertaken at a reasonable cost. In making these general determinations, data from a variety of sources was utilized. These sources of information included: a) the national Housing Allowance Experimental Program; b) two Model Cities allowance demonstration projects; c) several existing "allowance type" programs (ie. The Welfare Shelter Grant Program, the military grants for quarters program, and the relocation adjustment payments program); and d) a variety of foreign housing allowance programs. The author concluded, that one of four alternative allowance schemes examined, could be judged as practical. He stressed, however, that even this allowance scheme would be no panacea for this Country's housing ills.
|
| 650 |
|
0 |
|a Housing subsidies
|z United States.
|0 http://id.loc.gov/authorities/subjects/sh2008105835
|
| 650 |
|
4 |
|a Major urban and regional science.
|
| 651 |
|
7 |
|a United States.
|2 fast
|0 (OCoLC)fst01204155
|
| 655 |
|
7 |
|a Academic theses.
|2 lcgft
|0 http://id.loc.gov/authorities/genreForms/gf2014026039
|
| 700 |
1 |
|
|a Hinojosa, Jesus,
|e degree committee member.
|
| 700 |
1 |
|
|a Pugh, David L.,
|e degree supervisor.
|
| 700 |
1 |
|
|a Skrabanek, Roy,
|e degree committee member.
|
| 700 |
1 |
|
|a Stover, Virgil,
|e degree committee member.
|
| 710 |
2 |
|
|a Texas A & M University,
|e degree granting institution.
|0 http://id.loc.gov/authorities/names/n80125885
|
| 856 |
4 |
1 |
|u http://proxy.library.tamu.edu/login?url=http://proquest.umi.com/pqdweb?did=751948271&sid=1&Fmt=2&clientId=2945&RQT=309&VName=PQD
|z Link to ProQuest copy
|t 0
|
| 856 |
4 |
1 |
|u https://hdl.handle.net/1969.1/DISSERTATIONS-56013
|z Link to OAKTrust copy
|t 0
|
| 994 |
|
|
|a C0
|b TXA
|
| 999 |
f |
f |
|s 928e0969-b4fb-3a15-a89a-b32f916a5c68
|i 96238096-4c8a-3218-866e-a442ccd72dd5
|t 0
|
| 952 |
f |
f |
|p noncirc
|a Texas A&M University
|b J.J. Pickle Campus
|c High Density Repository
|s HDR
|d Remote Storage
|t 0
|e 1979 Dissertation J67
|h Other scheme
|i unmediated -- volume
|m A14840993119
|
| 952 |
f |
f |
|a Texas A&M University
|b College Station
|c Electronic Resources
|s www_evans
|d Available Online
|t 0
|e 1979 Dissertation J67
|h Other scheme
|
| 998 |
f |
f |
|a 1979 Dissertation J67
|t 0
|l Available Online
|
| 998 |
f |
f |
|a 1979 Dissertation J67
|t 0
|l Remote Storage
|